<?xml version="1.0" encoding="UTF-8"?><?xml-stylesheet type="text/xsl" href="static/style.xsl"?><OAI-PMH xmlns="http://www.openarchives.org/OAI/2.0/" xmlns:xsi="http://www.w3.org/2001/XMLSchema-instance" xsi:schemaLocation="http://www.openarchives.org/OAI/2.0/ http://www.openarchives.org/OAI/2.0/OAI-PMH.xsd"><responseDate>2026-04-17T04:57:40Z</responseDate><request verb="GetRecord" identifier="oai:www.recercat.cat:2099/15123" metadataPrefix="marc">https://recercat.cat/oai/request</request><GetRecord><record><header><identifier>oai:recercat.cat:2099/15123</identifier><datestamp>2025-07-16T22:40:32Z</datestamp><setSpec>com_2072_1033</setSpec><setSpec>col_2072_452949</setSpec></header><metadata><record xmlns="http://www.loc.gov/MARC21/slim" xmlns:dcterms="http://purl.org/dc/terms/" xmlns:xsi="http://www.w3.org/2001/XMLSchema-instance" xmlns:doc="http://www.lyncode.com/xoai" xsi:schemaLocation="http://www.loc.gov/MARC21/slim http://www.loc.gov/standards/marcxml/schema/MARC21slim.xsd">
   <leader>00925njm 22002777a 4500</leader>
   <datafield ind2=" " ind1=" " tag="042">
      <subfield code="a">dc</subfield>
   </datafield>
   <datafield ind2=" " ind1=" " tag="720">
      <subfield code="a">Miró Julià, Joe</subfield>
      <subfield code="e">author</subfield>
   </datafield>
   <datafield ind2=" " ind1=" " tag="260">
      <subfield code="c">2013-07-10</subfield>
   </datafield>
   <datafield ind2=" " ind1=" " tag="520">
      <subfield code="a">El avance científico es inductivo-deductivo: desde fenómenos&#xd;
concretos se establecen leyes generales que&#xd;
permiten entender, crear y controlar nuevos fenómenos.&#xd;
Pero, quizá por la mayor complejidad de las ciencias&#xd;
sociales, en educación estamos al principio del&#xd;
proceso inductivo y no hay leyes de aplicación general&#xd;
sino sólo de aplicación restringida. Pero esto es suficiente&#xd;
y se muestra cómo crear con estos principios&#xd;
restringidos un método docente con buenos resultados.</subfield>
   </datafield>
   <datafield ind2=" " ind1=" " tag="520">
      <subfield code="a">SUMMARY -- The advance of science is inductive-deductive: from&#xd;
concrete phenomena we establish general laws that&#xd;
helps us understand, create, and control of further phenomena.&#xd;
Perhaps due to the higher complexity of social&#xd;
sciences, in education we are at the beginning of the&#xd;
inductive cycle and the principles are not general and&#xd;
can only be applied restrictively. But this is enough.&#xd;
We show here how to use these restricted-scope laws&#xd;
to create a teaching method that yields good results.</subfield>
   </datafield>
   <datafield tag="653" ind2=" " ind1=" ">
      <subfield code="a">Àrees temàtiques de la UPC::Informàtica</subfield>
   </datafield>
   <datafield tag="653" ind2=" " ind1=" ">
      <subfield code="a">Àrees temàtiques de la UPC::Ensenyament i aprenentatge</subfield>
   </datafield>
   <datafield tag="653" ind2=" " ind1=" ">
      <subfield code="a">Computer science -- Study and teaching</subfield>
   </datafield>
   <datafield tag="653" ind2=" " ind1=" ">
      <subfield code="a">Principios didácticos,</subfield>
   </datafield>
   <datafield tag="653" ind2=" " ind1=" ">
      <subfield code="a">Métodos pedagógicos</subfield>
   </datafield>
   <datafield tag="653" ind2=" " ind1=" ">
      <subfield code="a">Evaluación</subfield>
   </datafield>
   <datafield tag="653" ind2=" " ind1=" ">
      <subfield code="a">Informàtica -- Ensenyament</subfield>
   </datafield>
   <datafield ind2="0" ind1="0" tag="245">
      <subfield code="a">El Diseño de una asignatura a partir de principios pedagógicos</subfield>
   </datafield>
</record></metadata></record></GetRecord></OAI-PMH>